000 00832nam a2200277 a 4500
001 000108961
003 CHAP
005 20220329144031.0
008 140325s2012 mx a |r| |||1|||spa|d
010 _a105423
011 _a106395
020 _a9786077798255
040 _cCHAP
082 0 4 _a576.8
_bC46
100 1 _aChaos Cador, Álvaro
_9126050
245 1 0 _aCazadores de monstruos :
_bMonstruos esperanzados y sistemas complejos: Evolución y autoorganización /
_cpor Álvaro Chaos Cador.
260 3 _aMéxico, D.F. :
_bUniversidad Autónoma de la Ciudad de México,
_c2012.
300 _a150 p. :
_bil.
490 0 _aCiencia y sociedad
590 _aE792CSJ
_b05
_c20140325
_lUCH01
_h1056
650 1 4 _aEvolución.
_939007
830 0 _aCiencia y sociedad
_923156
901 _aBK
942 _cLIBRO
942 _n0
999 _c105423
_d105423